000 00984nam a22003137a 4500
003 CHAP
005 20220817041545.0
008 971013s1991 r 00010 d
010 _a17986
011 _a18958
035 _a23043
040 _cCHAP
090 _aFolleto 14325
110 _aCentro Internacional de Investigaciones para el Desarrollo
245 _aEmpowerment through knowledge
260 _aOttawa :
_bInternational Development Research Centre,
_c1991
300 _a32 p.
590 _aBATCH-UPD
_b10
_c20130110
_lUCH01
_h1025
590 _aBATCH-UPD
_b10
_c20130410
_lUCH01
_h0629
590 _aBATCH-UPD
_b10
_c20130914
_lUCH01
_h0503
590 _aCONVERSION
_b10
_c20130109
_lUCH01
_h1311
650 1 4 _aAyuda técnica.
_99035
650 1 4 _aDesarrollo económico.
650 1 4 _aInstituciones sociales.
_958980
650 1 4 _aInvestigación
_xFinanciamiento.
_960233
901 _aBK
942 _cFOLL
949 _aFolleto 14325
_bBC
_cFOLL
_d-53785
_eTS1
_i23043
_si
999 _c17986
_d17986